[Event "EU-ch U20"]
[Site "Patras"]
[Date "1999.10.13"]
[Round "8"]
[White "Perunovic, Miodrag"]
[Black "Shavtvaladze, Nikoloz"]
[Result "1/2-1/2"]
[WhiteElo "2247"]
[BlackElo "2289"]

1.e4 c5 2.Nf3 e6 3.d4 cxd4 4.Nxd4 Nc6 5.Nc3 Nf6 6.Ndb5 Bb4 7.a3 Bxc3+ 8.Nxc3 d5
9.exd5 exd5 10.Bd3 O-O 11.O-O d4 12.Ne4 Ng4 13.Bf4 Nge5 14.Re1 Bf5 15.Bxe5 Nxe5
16.Qh5 Nxd3 17.cxd3 Bd7 18.Qc5 Bc6 19.Nd6 Qd7 20.Nf5 Rfe8 21.Re7 Rxe7 22.Nxe7+ Kh8
23.Nxc6 bxc6 24.Re1 h6 25.h3 Rb8 26.Re7 Qd5 27.Qxd5 cxd5 28.b4 a5 29.bxa5 Ra8
30.Rb7 Rxa5 31.Rb3 g5 32.Kf1 Kg7 33.Ke2 Kf6 34.Kd2 Ke5 35.Kc2 Ra6 36.Kb1 Kd6
37.Ka2 Kc5 38.Rb2 h5 39.Rc2+ Kb5 40.Kb3 f6 41.Rc8 Re6 42.a4+ Kb6 43.Rc2 Re1
44.Kb4 Rb1+ 45.Ka3 Rd1 46.Kb4 Rb1+ 47.Ka3 Rd1 48.Kb4  1/2-1/2

[Event "Asia-chT"]
[Site "Shenyang"]
[Date "1999.10.13"]
[Round "5"]
[White "Liu Dede"]
[Black "Nenashev, Alexander"]
[Result "0-1"]
[WhiteElo "2388"]
[BlackElo "2584"]

1.e4 c5 2.Nf3 e6 3.d4 cxd4 4.Nxd4 Nc6 5.Nc3 Qc7 6.Nxc6 bxc6 7.Bd3 Nf6 8.O-O d5
9.Re1 Be7 10.e5 Nd7 11.Qg4 g6 12.Qg3 Rb8 13.Rb1 Bf8 14.Bf4 Bg7 15.Na4 Rb4
16.b3 Rxf4 17.Qxf4 Bxe5 18.Qh6 Bf4 19.Qh4 O-O 20.c4 Bb7 21.g3 Bd6 22.Be2 e5
23.b4 c5 24.bxc5 Nxc5 25.Nxc5 Bxc5 26.Bf3 e4 27.Bg2 Ba6 28.Bf1 e3 29.fxe3 dxc4
30.Qf4 Bd6 31.Qe4 Rd8 32.Rbc1 Bb4 33.Red1 Bd2 34.Qf4 Qb6 35.Re1 Bxe1 36.Rxe1 c3
37.Bxa6 Qxa6 38.Rc1 Rc8 39.Rc2 Qd3 40.Qf2 Rb8 41.Kg2 Qxc2  0-1

[Event "Asia-chT"]
[Site "Shenyang"]
[Date "1999.10.14"]
[Round "6"]
[White "Ye Jiangchuan"]
[Black "Nenashev, Alexander"]
[Result "1/2-1/2"]
[WhiteElo "2593"]
[BlackElo "2584"]

1.e4 c5 2.Nf3 e6 3.d4 cxd4 4.Nxd4 Nc6 5.Nc3 d6 6.Be2 Nf6 7.O-O Be7 8.Be3 Bd7
9.Nb3 a6 10.f4 b5 11.a3 O-O 12.Bf3 Rb8 13.Qe2 a5 14.Rfd1 e5 15.Kh1 exf4 16.Bxf4 Ne5
17.Nd4  1/2-1/2

[Event "BUL-GRE (Women)"]
[Site "Corfu"]
[Date "1999.10.15"]
[Round "4"]
[White "Makropoulou, Marina"]
[Black "Velcheva, Maria"]
[Result "1-0"]
[WhiteElo "2276"]
[BlackElo "2305"]

1.e4 c5 2.Nf3 e6 3.d4 cxd4 4.Nxd4 Nc6 5.Nc3 Qc7 6.Be2 Nf6 7.O-O a6 8.Be3 Be7
9.f4 d6 10.Qe1 O-O 11.Rd1 Bd7 12.Qg3 b5 13.e5 Ne8 14.Kh1 f5 15.exf6 Nxf6
16.Bf3 Rad8 17.Bxc6  1-0

[Event "Wichern op 5th"]
[Site "Hamburg"]
[Date "1999.10.16"]
[Round "2"]
[White "Berger, Steve"]
[Black "Yakovich, Yuri"]
[Result "0-1"]
[WhiteElo "2280"]
[BlackElo "2592"]

1.e4 c5 2.Nf3 Nc6 3.Nc3 e6 4.d4 cxd4 5.Nxd4 Qc7 6.Be2 a6 7.O-O Nf6 8.Be3 Bb4
9.Na4 Bd6 10.f4 Nxe4 11.Nxc6 bxc6 12.Bf3 Nf6 13.Bb6 Qb8 14.Bd4 Bxf4 15.Nb6 Bxh2+
16.Kh1 Bc7 17.Nxa8 Qxa8 18.Bh5 Bd8 19.Bxf6 gxf6 20.Qg4 Qb8 21.b3 Rf8 22.Rae1 Qd6
23.c4 c5 24.Rd1 Qe5 25.Rde1 Qd6 26.Rd1 Qc7 27.a3 a5 28.Rd2 Be7 29.Rdf2 Bb7
30.Qh3 f5 31.Bf3 Bf6 32.Re2 Bxf3 33.Qxf3 Be5 34.Rfe1 f6 35.Rd1 Rf7 36.Red2 Kf8
37.Qh5 d6 38.Qf3 Qb7 39.Rxd6 Bxd6 40.Rxd6 Qxf3 41.gxf3 e5 42.Kg2 Kg7 43.Rc6 a4
44.b4 cxb4 45.axb4 Ra7 46.b5 a3 47.b6 Ra4 48.b7 Rb4 49.Ra6 Rxb7 50.Rxa3 Rb2+
51.Kh3 Rc2 52.Ra7+ Kg6 53.Rc7 f4 54.c5 Rf2  0-1

[Event "BL9900 (Women)"]
[Site "Germany"]
[Date "1999.10.17"]
[Round "2.1"]
[White "Hunt, Harriet"]
[Black "Kiseleva, Natalia"]
[Result "1/2-1/2"]
[WhiteElo "2420"]
[BlackElo "2343"]

1.e4 c5 2.Nf3 e6 3.d4 cxd4 4.Nxd4 Nc6 5.Nc3 Qc7 6.Be2 a6 7.Nxc6 bxc6 8.O-O Nf6
9.f4 d6 10.Kh1 Be7 11.b3 Bb7 12.Bb2 c5 13.Bd3 h5 14.Qe1 h4 15.h3 Nh5 16.Rf2 O-O
17.Ne2 d5 18.Be5 Qc6 19.exd5 exd5 20.Bf5 Rfe8 21.Qd2 d4 22.Qd3 Qh6 23.Bg4 Bf6
24.Raf1 Bd5 25.Qf5 g6 26.Qd7 Rad8 27.Qc7 Qg7 28.Bxh5 gxh5 29.Bxf6 Qxf6 30.Qxc5 Be4
31.Nc1 Rd5 32.Qc4 Rf5 33.Nd3 Bxd3 34.Qxd3 Re3 35.Qc4 Rc3 36.Qe2 Re3 37.Qd2 Qe6
38.Qxd4 Rd5 39.Qc4 Qd6 40.Qc8+ Kg7 41.Qc4 Rd4 42.Qc8 Rd1 43.Qb7 Ree1 44.Qf3 Qc5
45.Rxe1 Rxe1+ 46.Rf1 Rxf1+ 47.Qxf1 Qxc2 48.Qa1+ f6 49.Qe1 Qxa2 50.Qxh4 Qxb3
51.Qxh5 Qg3 52.Qa5 Qxf4 53.Qxa6 Qc1+ 54.Kh2 Qf4+ 55.Kg1  1/2-1/2

[Event "EU-ch U20"]
[Site "Patras"]
[Date "1999.10.17"]
[Round "12"]
[White "Petrik, Tomas"]
[Black "Shavtvaladze, Nikoloz"]
[Result "1/2-1/2"]
[WhiteElo "2296"]
[BlackElo "2289"]

1.e4 c5 2.Nf3 e6 3.d4 cxd4 4.Nxd4 Nc6 5.Nc3 Qc7 6.f4 a6 7.Nxc6 Qxc6 8.Be2 b5
9.Bf3 Bb7 10.Be3 Rd8 11.O-O Bc5 12.Qd3 Qb6 13.Bxc5 Qxc5+ 14.Kh1 Ne7 15.e5 d5
16.exd6 Rxd6 17.Ne4 Bxe4 18.Qxe4 O-O 19.Rad1 Nd5 20.Qe5 Rfd8 21.h3 b4 22.Bxd5 Rxd5
23.Rxd5 Qxd5 24.Qxd5 Rxd5 25.Rf3 Kf8 26.c3 Rb5  1/2-1/2

[Event "Wichern op 5th"]
[Site "Hamburg"]
[Date "1999.10.18"]
[Round "5"]
[White "Langrock, Hannes"]
[Black "Lindberg, Bengt"]
[Result "1-0"]
[WhiteElo "2135"]
[BlackElo "2299"]

1.e4 c5 2.Nf3 e6 3.d4 cxd4 4.Nxd4 Nc6 5.Nc3 a6 6.Nxc6 bxc6 7.Bd3 d5 8.O-O Bd6
9.Re1 Ne7 10.Qh5 Qc7 11.e5 Bc5 12.Qg4 Ng6 13.h4 Bf8 14.Qg3 f5 15.h5 Ne7 16.Ne2 c5
17.c3 Bd7 18.Nf4 a5 19.Qg5 Rg8 20.a4 c4 21.Bc2 O-O-O 22.Be3 Nc6 23.Ne2 Be7
24.Qg3 g5 25.Bd4 Rdf8 26.Rab1 f4 27.Qg4 f3 28.gxf3 Nxe5 29.Bxe5 Qxe5 30.Nd4 Qd6
31.Rxe6 Bxe6 32.Nxe6 Rf6 33.Bf5 Qe5 34.Bxh7 Rd8 35.Nxd8+ Kxd8 36.Bg6 Bd6
37.Qh3 Qf4 38.Re1 g4 39.Qxg4 Qh2+ 40.Kf1 Kc7 41.Re8  1-0

[Event "Wichern op 5th"]
[Site "Hamburg"]
[Date "1999.10.19"]
[Round "6"]
[White "Baklan, Vladimir"]
[Black "Bauer, Christian"]
[Result "1/2-1/2"]
[WhiteElo "2591"]
[BlackElo "2490"]

1.e4 c5 2.Nf3 Nc6 3.d4 cxd4 4.Nxd4 e6 5.Nc3 Qc7 6.g3 a6 7.Bg2 Nf6 8.O-O Nxd4
9.Qxd4 Bc5 10.Bf4 d6 11.Qd2 h6 12.Rad1 e5 13.Be3 Ke7 14.Na4 Bxe3 15.Qxe3 b5
16.Nb6  1/2-1/2

[Event "Wichern op 5th"]
[Site "Hamburg"]
[Date "1999.10.19"]
[Round "6"]
[White "Andersson, Niklas"]
[Black "Suran, Jan"]
[Result "0-1"]
[WhiteElo "1996"]
[BlackElo "2338"]

1.e4 c5 2.Nf3 e6 3.d4 cxd4 4.Nxd4 Nc6 5.Nc3 a6 6.Be3 Nf6 7.Qd2 Bb4 8.f3 d5
9.O-O-O Qa5 10.Bd3 e5 11.Nb3 Qc7 12.exd5 Nxd5 13.Nxd5 Bxd2+ 14.Rxd2 Qb8 15.Bb6 Be6
16.Nc7+ Ke7 17.Nxa8 Qxa8 18.Nc5 Rc8 19.Nxe6 Kxe6 20.Rhd1 Nd4 21.b3 Rc6 22.Bc4+ Ke7
23.Bxd4 exd4 24.Rxd4 Rc7 25.Re4+ Kf8 26.Red4 Ke8 27.Re1+ Re7 28.Rxe7+ Kxe7
29.Rf4 f6 30.Rh4 h6 31.Bd3 Qa7 32.Rc4 Qg1+ 33.Kb2 Kd7 34.Be4 b5 35.Bf5+ Kd6
36.Rc8 Qxg2 37.Bg4 Qxh2 38.Ra8 Qe5+ 39.Kb1 Qe1+ 40.Kb2 Qe5+ 41.Kb1 h5 42.Rxa6+ Kc7
43.Re6 Qd5  0-1

[Event "Wichern op 5th"]
[Site "Hamburg"]
[Date "1999.10.19"]
[Round "6"]
[White "Simacek, Pavel"]
[Black "Langrock, Hannes"]
[Result "1-0"]
[WhiteElo "2346"]
[BlackElo "2135"]

1.e4 c5 2.Nf3 Nc6 3.Nc3 e6 4.d4 cxd4 5.Nxd4 Qc7 6.g3 a6 7.Bg2 Nf6 8.O-O Bc5
9.Bf4 Ne5 10.Na4 Ba7 11.c4 d6 12.Rc1 Bd7 13.c5 dxc5 14.Nxc5 Bxc5 15.b4 b6
16.bxc5 bxc5 17.Nb3 Ba4 18.Qd4 cxd4 19.Rxc7 Nfd7 20.Nxd4 O-O 21.Rb1 Rfc8
22.Rbb7 Rxc7 23.Rxc7 Kf8 24.Bf1 Ke8 25.Be2 Kd8 26.Bxe5 Nxe5 27.Rc5 Nd7 28.Ra5 Nb6
29.Rxa6 Rxa6 30.Bxa6 Kc7 31.f4 Kd6 32.Kf2 f6 33.Ke3 e5 34.Nf5+  1-0

[Event "VAM Hoogeveen op"]
[Site "Hoogeveen"]
[Date "1999.10.21"]
[Round "7"]
[White "Van den Doel, Erik"]
[Black "Reinderman, Dimitri"]
[Result "1-0"]
[WhiteElo "2528"]
[BlackElo "2525"]

1.e4 c5 2.Nf3 e6 3.d4 cxd4 4.Nxd4 Nc6 5.Nc3 a6 6.Be2 Nge7 7.f4 b5 8.Nf3 Qb6
9.a4 b4 10.a5 Nxa5 11.Na4 Qc7 12.Be3 Rb8 13.O-O d5 14.f5 dxe4 15.fxe6 fxe6
16.Ne5 g6 17.Ng4 Nf5 18.Nf6+ Ke7 19.Bg5 Qa7+ 20.Kh1 h6 21.Nd5+ Ke8 22.Bf6 Rh7
23.Rxf5 exf5 24.Bd4 Qb7 25.Nf6+ Kf7 26.Nxh7 Be7 27.Nb6 Be6 28.Rxa5 Rd8 29.Qg1 Qc6
30.Re5 Qxc2 31.Rxe6 Kxe6 32.Bc4+ Kd6 33.Nf6 Kc6 34.Nfd5 Bd6 35.Ne3 Qd2 36.Bd5+ Kc7
37.Nec4 Qd3 38.Ne5 Qc2 39.Nbc4 Bc5 40.Bxc5 Rxd5 41.Bb6+ Kb7 42.Ne3 Qxb2 43.Nxd5 Qxe5
44.Nxb4 Qb5 45.Bc5 f4 46.Qb1 Qxc5 47.Qxe4+ Ka7 48.Qxf4 g5 49.Qb8+ Kxb8 50.Nxa6+  1-0

[Event "VAM Hoogeveen op"]
[Site "Hoogeveen"]
[Date "1999.10.23"]
[Round "9"]
[White "Azadmanesh, Moosa"]
[Black "Amesz, Jaap"]
[Result "1/2-1/2"]
[WhiteElo "2147"]
[BlackElo "2217"]

1.e4 c5 2.Nf3 e6 3.d4 cxd4 4.Nxd4 Nc6 5.Nc3 a6 6.Bc4 b5 7.Bb3 Qb6 8.Nxc6 dxc6
9.Be3 Qc7 10.O-O c5 11.a4 b4 12.Nb1 c4 13.Ba2 Nf6 14.Qd4 Bb7 15.Qxc4  1/2-1/2

[Event "Wch U16"]
[Site "Oropesa del Mar"]
[Date "1999.10.26"]
[Round "3"]
[White "Savic, B."]
[Black "Grigoriants, Sergey"]
[Result "0-1"]
[WhiteElo "2149"]
[BlackElo "2413"]

1.e4 c5 2.Nf3 Nc6 3.d4 cxd4 4.Nxd4 e6 5.Nc3 d6 6.Be2 Nf6 7.Be3 Be7 8.O-O Bd7
9.f4 Nxd4 10.Bxd4 Bc6 11.Bf3 O-O 12.g4 b5 13.g5 Nd7 14.Bg2 b4 15.Ne2 e5 16.Be3 exf4
17.Bxf4 Bxg5 18.Bxd6 Re8 19.Ng3 Bf6 20.Rb1 Be5 21.Bxe5 Nxe5 22.Qe1 Qd4+ 23.Kh1 g6
24.c3 bxc3 25.Ne2 Qc5 26.Qxc3 Qc4 27.Nd4 Qxc3 28.bxc3 Rab8 29.Nxc6 Nxc6 30.Rb3 Ne5
31.Rd1 Rec8 32.Rc1 Nd3 33.Rc2 Nc5 34.Rxb8 Rxb8 35.Kg1 Nd3 36.Kf1 Rb1+ 37.Ke2 Ne1
38.Kd2 Nxg2  0-1

[Event "Wch U16"]
[Site "Oropesa del Mar"]
[Date "1999.10.28"]
[Round "5"]
[White "Tan, Desmond"]
[Black "Ataman, A."]
[Result "1/2-1/2"]
[WhiteElo "2182"]
[BlackElo "2317"]

1.e4 c5 2.Nc3 e6 3.Nf3 Nc6 4.d4 cxd4 5.Nxd4 a6 6.Be3 Qc7 7.Bd3 d6 8.Nb3 Nf6
9.O-O Be7 10.f4 O-O 11.Qf3 Re8 12.a4 Bf8 13.a5 Nb4 14.Na4 Bd7 15.Nb6 Rad8
16.Nxd7 Nxd7 17.Rfc1 Nc5 18.Bd2 Nc6 19.Nxc5 dxc5 20.Bc3 Nd4 21.Qf1 Qc6 22.e5 g6
23.b3 Bh6 24.Re1 Rd7 25.Be4 Qb5 26.Bd3 Qc6 27.Be4 Qb5 28.Bd3  1/2-1/2

[Event "Wch U16"]
[Site "Oropesa del Mar"]
[Date "1999.10.28"]
[Round "5"]
[White "Almagro Llanas, P."]
[Black "Haddad, Mohammed"]
[Result "1-0"]
[WhiteElo "2132"]
[BlackElo "2229"]

1.e4 c5 2.Nf3 Nc6 3.Nc3 e6 4.d4 cxd4 5.Nxd4 Qc7 6.g3 a6 7.Bg2 Nf6 8.O-O Nxd4
9.Qxd4 d6 10.Bg5 Be7 11.Rad1 Bd7 12.Kh1 Rc8 13.f4 h6 14.Bh4 Bc6 15.e5 dxe5
16.fxe5 Bc5 17.Qf4 Nh7 18.Ne4 g5 19.Qg4 Rg8 20.b4 Bf8 21.Rd6 Bxe4 22.Rxe6+ Be7
23.Bxe4 Nf8 24.Rxh6 Qxe5 25.Qxc8+ Bd8 26.Qxb7 Rg7 27.Bc6+  1-0

[Event "Wch U18"]
[Site "Oropesa del Mar"]
[Date "1999.10.28"]
[Round "5"]
[White "Horvath, Adam"]
[Black "Blot, Jerome"]
[Result "1-0"]
[WhiteElo "2412"]
[BlackElo "2299"]

1.e4 c5 2.Nf3 e6 3.d4 cxd4 4.Nxd4 Nc6 5.Nc3 Qc7 6.Be2 a6 7.O-O Nf6 8.Kh1 b5
9.Nxc6 dxc6 10.f4 Bb7 11.e5 Rd8 12.Qe1 Nd7 13.f5 Nxe5 14.Bh5 Bd6 15.Ne4 O-O
16.f6 Ng6 17.Bg5 Be5 18.Bxg6 hxg6 19.Qh4 Rd5 20.Rf3 Rfd8 21.Raf1  1-0

[Event "Wch U14 Girls"]
[Site "Oropesa del Mar"]
[Date "1999.10.29"]
[Round "6"]
[White "Paehtz, Elisabeth"]
[Black "Hasanova, E."]
[Result "1/2-1/2"]
[WhiteElo "2276"]
[BlackElo "2194"]

1.e4 c5 2.Nc3 Nc6 3.Nge2 e6 4.d4 cxd4 5.Nxd4 a6 6.Nxc6 bxc6 7.Bd3 d5 8.O-O Nf6
9.Kh1 Be7 10.Qe2 O-O 11.b3 Qc7 12.Bb2 d4 13.Na4 c5 14.Bc1 e5 15.f4 Bg4 16.Qe1 Bd7
17.Nb2 exf4 18.Bxf4 Qb6 19.e5 Nd5 20.Qe4 g6 21.Bh6 Bc6 22.Nc4 Qc7 23.Bxf8 Bxf8
24.Qg4 Bg7 25.Rae1 Re8 26.Qg3 Bh6 27.Nd6 Rf8 28.Nf5 Bg7 29.Nxg7 Kxg7 30.Qg5 h6
31.Qg3 Re8 32.Bc4 Re7 33.Bxd5 Bxd5 34.Qf4 Re6 35.Re2 Qe7 36.Qg3 Kg8 37.Rfe1 Kg7
38.Qd3 Bc6 39.a4 Bd5 40.Kg1 Qg5 41.Qg3 Qe7 42.Qf4 Qc7 43.Rd1 Qe7 44.Rd3 Kh7
45.Rh3 Qf8 46.Rf2 Rb6 47.Rg3 Qe7 48.Rd2 Re6 49.Rh3 g5 50.Qf5+ Rg6 51.Rg3 Qe6
52.Rf2 Kg7 53.Qxe6 Rxe6 54.Re2 Kg6 55.Kf1 Kf5 56.Rh3 Be4 57.Rxe4  1/2-1/2

[Event "Wch U16"]
[Site "Oropesa del Mar"]
[Date "1999.10.29"]
[Round "6"]
[White "Dominguez, Lenier"]
[Black "Grigoriants, Sergey"]
[Result "1/2-1/2"]
[WhiteElo "2506"]
[BlackElo "2413"]

1.e4 c5 2.Nf3 Nc6 3.d4 cxd4 4.Nxd4 e6 5.Nc3 d6 6.Be3 Nf6 7.f3 Be7 8.Qd2 O-O
9.O-O-O d5 10.exd5 Nxd5 11.Nxd5 Qxd5 12.Kb1 Nb4 13.Nb3 Qc6 14.Nd4 Qd5 15.Nb3 Qc6
16.Nd4 Qd5 17.Nb3  1/2-1/2

[Event "EUCup final 15th"]
[Site "Bugojno"]
[Date "1999.10.31"]
[Round "3"]
[White "Van der Wiel, John TH"]
[Black "Fominyh, Alexander"]
[Result "1/2-1/2"]
[WhiteElo "2544"]
[BlackElo "2552"]

1.e4 c5 2.Nf3 e6 3.d4 cxd4 4.Nxd4 Nc6 5.Nc3 Qc7 6.Be2 a6 7.O-O Nf6 8.Kh1 Bc5
9.Nxc6 bxc6 10.f4 d5 11.e5 Nd7 12.Na4 Ba7 13.c4 O-O 14.Bd2 d4 15.Qe1 Bb7
16.Ba5 Qc8 17.c5 Nxc5 18.Nb6 Bxb6 19.Bxb6 Nd7 20.Bxd4 c5 21.Be3 Qc6 22.Rf2 Rfc8
23.Rd1 Qc7 24.Bf1 Bd5 25.a3  1/2-1/2

[Event "28th It"]
[Site "Lazarevac YUG"]
[Date "1999.11.01"]
[Round "2"]
[White "Pikula,D"]
[Black "Rajkovic,Du"]
[Result "1-0"]
[WhiteElo "2480"]
[BlackElo "2474"]

1.e4 c5 2.Nf3 e6 3.d4 cxd4 4.Nxd4 Nc6 5.Nc3 Qc7 6.Be3 Nf6 7.Bd3 b6 8.Nb3 Bb7
9.Qe2 Bb4 10.Bd2 O-O 11.O-O d5 12.Nb5 Qd7 13.e5 Bxd2 14.Nxd2 Ne8 15.Nf3 Nb4
16.Bxh7+ Kxh7 17.Ng5+ Kg6 18.Qg4 f5 19.Qxb4 Rh8 20.f4 a5 21.Qb3 a4 22.Qb4 Ba6
23.Nd4 Bxf1 24.Rxf1 Nc7 25.Rf3 Rh4 26.Qe1 Rg4 27.Rg3 Rxg5 28.Rxg5+ Kf7 29.Qh4 Rg8
30.Qh7 Kf8 31.h4 Qe7 32.c3 a3 33.b4 g6 34.Qh6+ Ke8 35.h5 Kd7 36.Rxg6 Rxg6
37.Qxg6 Qh4 38.g3  1-0

[Event "Wch U16"]
[Site "Oropesa del Mar"]
[Date "1999.11.02"]
[Round "9"]
[White "Mansson, Lars"]
[Black "Acher, Mathieu"]
[Result "0-1"]
[WhiteElo "2120"]
[BlackElo "2219"]

1.e4 c5 2.Nf3 e6 3.d4 cxd4 4.Nxd4 Nc6 5.Nc3 Qc7 6.f4 a6 7.Nxc6 Qxc6 8.Bd3 b5
9.Qe2 Bc5 10.Bd2 Ne7 11.e5 Bb7 12.Be4 Qc7 13.O-O-O Rc8 14.Kb1 h5 15.Bxb7 Qxb7
16.Ne4 Nf5 17.Qd3 Be7 18.Rhe1 Rc4 19.c3 a5 20.g3 a4 21.h3 Rxe4 22.Qxe4 Qxe4+
23.Rxe4 Nxg3 24.Re3 Nf5 25.Rd3 d5 26.exd6 Bxd6 27.Bc1 Ke7 28.b3 Rc8 29.bxa4 bxa4
30.Kc2 Rc4 31.Rf1 h4 32.Bd2 Re4 33.Rf2 Bc5 34.Rf1 Re2 35.Rb1 Ne3+ 36.Kb2 Nc4+
37.Kc2 Na3+ 38.Kd1 Rxd2+ 39.Kxd2 Nxb1+ 40.Ke2 Na3 41.Rd1 Nc4 42.Rb1 Nd6 43.Kd3 Kf6
44.Rb8 Kf5 45.Rh8 Bf2 46.Ra8 Kxf4 47.Rxa4+ Kf3 48.Ra6 Nf5 49.Ra5 g5 50.Ra8 e5
51.Re8 f6 52.Re6 e4+ 53.Rxe4 Ng3 54.Re7 f5 55.a4 g4 56.hxg4 fxg4 57.a5 h3
58.a6 h2 59.Re1 h1=Q  0-1

[Event "Wch U18 Girls"]
[Site "Oropesa del Mar"]
[Date "1999.11.02"]
[Round "9"]
[White "Yu, T."]
[Black "Timko, Melinda"]
[Result "1-0"]
[WhiteElo "2199"]
[BlackElo "2034"]

1.e4 c5 2.Nf3 e6 3.d4 cxd4 4.Nxd4 Nc6 5.Nc3 Qc7 6.Be2 Nf6 7.Be3 Bb4 8.O-O Bxc3
9.bxc3 Nxe4 10.Nb5 Qa5 11.Qd3 d5 12.f3 Nf6 13.Bc5 Kd7 14.c4 a6 15.cxd5 exd5
16.c4 axb5 17.cxd5 Nb4 18.Qf5+ Kd8 19.Qe5 Nbxd5 20.Rfd1 Re8 21.Rxd5+ Nxd5
22.Qxd5+ Bd7 23.Rd1 Qc7 24.Bxb5 Re5 25.Qxd7+ Qxd7 26.Rxd7+ Kc8 27.Bb6  1-0

[Event "Chigorin mem"]
[Site "St Petersburg"]
[Date "1999.11.03"]
[Round "2"]
[White "Varavin, Viktor"]
[Black "Fominyh, Alexander"]
[Result "0-1"]
[WhiteElo "2402"]
[BlackElo "2552"]

1.e4 c5 2.Nf3 Nc6 3.d4 cxd4 4.Nxd4 e6 5.Nc3 Qc7 6.Be2 a6 7.O-O Bc5 8.Be3 Nce7
9.Qd2 Nf6 10.Nb3 Bxe3 11.Qxe3 d6 12.Rad1 O-O 13.Rd2 b5 14.Qd4 Ne8 15.a4 Nc6
16.Qe3 b4 17.Na2 Nf6 18.Rfd1 d5 19.exd5 exd5 20.Bf3 Be6 21.Qc5 Nd7 22.Qe3 Nb6
23.Nd4 Rfe8 24.Re2 Bd7 25.Qc1 Nxd4 26.Rxd4 Rxe2 27.Bxe2 a5 28.b3 Re8 29.Qd2 Qe5
30.Bf1 Qe1 31.Nc1 Bf5 32.Qxe1 Rxe1 33.Nd3 Rd1 34.g4 Be4 35.f3 Bxf3 36.Kf2 Be4
37.Be2 Rd2 38.Ke3 Rxc2 39.Nxb4 Rc3+ 40.Kf4 f6 41.g5 axb4 42.Rxb4 Nd7 43.gxf6 gxf6
44.a5 Nc5 45.Rb6 Kf7 46.Bg4 Nd3+ 47.Kg3 Ne5+ 48.Kh4 Ng6+ 49.Kh5 f5 50.a6 fxg4
51.Rb7+ Kf6  0-1

[Event "Chigorin mem"]
[Site "St Petersburg"]
[Date "1999.11.03"]
[Round "2"]
[White "Arykin, Aleksey"]
[Black "Mirovshchikov, Sergey"]
[Result "0-1"]
[WhiteElo "2262"]
[BlackElo "2358"]

1.e4 c5 2.Nf3 e6 3.d4 cxd4 4.Nxd4 Nc6 5.Nc3 d6 6.Be3 Nf6 7.Bc4 a6 8.Qe2 Qc7
9.O-O-O Na5 10.Bd3 b5 11.g4 Bb7 12.g5 Nd7 13.f4 Nc5 14.Bf2 Be7 15.a3 Nxd3+
16.Rxd3 Rc8 17.Re1 g6 18.Qg4 Nc4 19.Bg3 O-O 20.f5 Ne5 21.Bxe5 dxe5 22.f6 exd4
23.fxe7 Qxe7 24.Rxd4 Rc5 25.h4 Rcc8 26.Red1 Rfd8 27.Rxd8+ Rxd8 28.Rxd8+ Qxd8
29.e5 Qb6 30.Qf4 Qg1+ 31.Kd2 Qh1 32.Qg3 Bc6 33.Kd3 a5 34.b4 axb4 35.axb4 Qf1+
36.Kd2 Qc4 37.Qd3 Qf4+ 38.Kd1 Qxe5 39.Qd8+  0-1

[Event "Wch U14"]
[Site "Oropesa del Mar"]
[Date "1999.11.04"]
[Round "10"]
[White "Mamedov, Nidjat"]
[Black "Moradiabadi, A."]
[Result "1-0"]
[WhiteElo "2298"]
[BlackElo "2094"]

1.e4 c5 2.Nc3 Nc6 3.Nge2 e6 4.d4 cxd4 5.Nxd4 Qc7 6.Be3 a6 7.Bd3 Nf6 8.O-O Be7
9.f4 d6 10.a4 O-O 11.Qf3 Bd7 12.Nb3 b6 13.g4 Bc8 14.g5 Nd7 15.Qg3 Re8 16.h4 Bb7
17.h5 Nc5 18.Nxc5 dxc5 19.g6 Bf8 20.Rf2 Rad8 21.Raf1 Nd4 22.Bc4 Kh8 23.Qh3 f5
24.exf5 exf5 25.Bf7 Re7 26.Nd1 Rxf7 27.gxf7 Qxf7 28.Bxd4 cxd4 29.Rd2 Rd6
30.Rff2 Rd7 31.Rfe2 h6 32.Nf2 Bb4 33.Rd1 Qd5 34.Nd3 Bd6 35.Re8+ Kh7 36.Ne5 Qe4
37.Qg3 g5 38.Nxd7 Qh1+ 39.Kf2 Qxd1 40.Qd3 Qxd3 41.cxd3 Bc6 42.Nf6+ Kg7 43.Re6 Be7
44.Nd7  1-0

[Event "Wch U16"]
[Site "Oropesa del Mar"]
[Date "1999.11.04"]
[Round "10"]
[White "Dominguez, Lenier"]
[Black "Jakovenko, Dmitrij"]
[Result "0-1"]
[WhiteElo "2506"]
[BlackElo "2443"]

1.e4 c5 2.Nf3 e6 3.d4 cxd4 4.Nxd4 Nc6 5.Nc3 a6 6.Nxc6 bxc6 7.Bd3 d5 8.O-O Nf6
9.Re1 Be7 10.e5 Nd7 11.Qg4 g6 12.b3 Qc7 13.Na4 c5 14.Qg3 f5 15.exf6 Qxg3
16.hxg3 Bxf6 17.Rb1 Kf7 18.Ba3 Be7 19.c4 Bb7 20.Be2 h5 21.Bf3 Rac8 22.Rbd1 Nf6
23.Rc1 Ne4 24.cxd5 exd5 25.Nb6 Rce8 26.Bxe4 dxe4 27.Bxc5 Bg5 28.Be3 Bd8 29.Nc4 Ke6
30.Red1 Bd5 31.Bd4 Rh7 32.Ne3 Bb7 33.Rc5 Rd7 34.Bc3 Rxd1+ 35.Nxd1 Bb6 36.Re5+ Kf7
37.Rxe8 Kxe8 38.Bd2 Bd4 39.Be3 Bf6 40.Bb6 Kd7 41.Ne3 Kc6 42.Nc4 Kb5 43.Bc7 Bd5
44.Ne3 Be6 45.Bd6 Bd4 46.Nc2 Bb6 47.Bf4 Bg4 48.Na3+ Kb4 49.Nc4 Bd4 50.Bd2+ Kc5
51.Kf1 Bd7 52.Ke1 Bb5 53.Na5 Bd3 54.a4 Kd5 55.Nb7 Bc2 56.Na5 Bf6 57.Be3 Bc3+
58.Bd2 Bd4 59.Bb4 Bd3 60.Bd2 Bb6 61.Bc3 Bc7 62.Bd2 Bc2 63.Ke2 g5 64.Ke1 g4
65.Ke2 Bd3+ 66.Ke1 e3 67.Bc3 Bc2 68.Ke2 exf2 69.Kxf2 Ke4 70.Nb7 Bb6+ 71.Ke2 Bxb3
72.a5 Bc4+ 73.Ke1 Bc7 74.Kf2 Kd5 75.Bf6 Kc6 76.Nd8+ Kb5  0-1

[Event "Chigorin mem"]
[Site "St Petersburg"]
[Date "1999.11.05"]
[Round "4"]
[White "Kalugin, Sergei"]
[Black "Mirovshchikov, Sergey"]
[Result "1/2-1/2"]
[WhiteElo "2455"]
[BlackElo "2358"]

1.e4 c5 2.Nf3 e6 3.d4 cxd4 4.Nxd4 Nc6 5.Nc3 d6 6.Be3 Nf6 7.Bc4 a6 8.Qe2 Qc7
9.Bb3 Na5 10.g4 b5 11.g5 Nd7 12.a3 Nxb3 13.cxb3 Bb7 14.Rc1 Qd8 15.Qh5 g6
16.Qg4 Bg7 17.h4 Ne5 18.Qe2 Rc8 19.h5 gxh5 20.Rxh5 Nc6 21.Rd1 Qe7 22.f3 Rd8
23.Qh2 Qf8 24.Rxh7 Rxh7 25.Qxh7 Qh8 26.Qxh8+ Bxh8 27.Nxc6 Bxc6 28.Bb6 Rd7
29.Bd4 Bxd4 30.Rxd4 Ke7 31.Rd2 Rd8 32.Ne2 Bd7 33.Nf4 Rg8 34.Rg2 Rh8 35.Kd2 Rh1
36.Nd3 a5 37.Ke3 e5 38.g6 fxg6 39.Rxg6 Be6 40.Rg7+ Bf7 41.b4 a4 42.f4 Rh3+
43.Kd2 Kf8 44.Rg5 Bc4 45.Nf2 Rb3 46.Kc2 exf4 47.Rf5+ Ke7 48.Rxf4 Re3 49.Kd2 Rb3
50.Kc2 Re3 51.Kd2  1/2-1/2

[Event "Budapest FS11 IM"]
[Site "Budapest"]
[Date "1999.11.07"]
[Round "2"]
[White "Antal, Gergely"]
[Black "Spielmann, Alain"]
[Result "1-0"]
[WhiteElo "2308"]
[BlackElo "2241"]

1.e4 c5 2.Nf3 e6 3.d4 cxd4 4.Nxd4 Nc6 5.Nc3 Qc7 6.Be3 a6 7.Bd3 Nf6 8.O-O b5
9.Kh1 Ne5 10.h3 Bb7 11.f4 Nc4 12.Bxc4 Qxc4 13.e5 Ne4 14.Nxe4 Bxe4 15.Qd2 Be7
16.f5 exf5 17.Nxf5 Bxf5 18.Rxf5 Qe6 19.Qd3 O-O 20.a4 Rad8 21.axb5 axb5 22.Rf4 d6
23.exd6 Rxd6 24.Rd4 h6 25.Rxd6 Bxd6 26.Bg1 Qe5 27.Rf1 g6 28.Qb3 h5 29.Rd1 b4
30.Rd5 Qg3 31.Rd3 Qe5 32.c3 bxc3 33.bxc3 Rb8 34.Qd1 Bc7 35.Re3 Qd6 36.Qf1 Rd8
37.Qc4 Rd7 38.Re8+ Kh7 39.Qe4 Qd5 40.Bd4 f6 41.Qxd5  1-0

[Event "Chigorin mem"]
[Site "St Petersburg"]
[Date "1999.11.07"]
[Round "6"]
[White "Manakov, Ilya"]
[Black "Tunik, Gennady"]
[Result "0-1"]
[WhiteElo "2280"]
[BlackElo "2447"]

1.e4 c5 2.Nf3 e6 3.d4 cxd4 4.Nxd4 Nc6 5.Nc3 Qc7 6.Be2 a6 7.O-O Nf6 8.Kh1 Nxd4
9.Qxd4 Bc5 10.Qd3 b5 11.f4 h5 12.e5 Ng4 13.Qh3 Nh6 14.Qxh5 Bb7 15.Bf3 O-O-O
16.Bxb7+ Qxb7 17.Qf3 f5 18.exf6 gxf6 19.Ne4 Be7 20.Be3 f5 21.Bd4 Qxe4 22.Qc3+ Kb7
23.Bxh8 Rg8 24.Rf3 Qe2 25.Rg1 Rc8 26.Qe5 Qxc2 27.Rc3 Ng4 28.Rxc2 Rxc2 29.Rd1 Nxe5
30.Bxe5 Kc6 31.h3 d6 32.Bd4 Re2 33.Kg1 Bh4 34.Bc3 Bg3 35.Rf1 Rc2 36.Bd4 b4
37.Bf6 Kd7 38.h4 Ke8 39.h5 Kf7 40.Bg5 d5 41.b3 d4 42.Rd1 d3 43.Kf1 Rf2+  0-1

[Event "Chigorin mem"]
[Site "St Petersburg"]
[Date "1999.11.07"]
[Round "6"]
[White "Sorokina, Anastasia"]
[Black "Jaghubov, Emin Z"]
[Result "0-1"]
[WhiteElo "2162"]
[BlackElo "2315"]

1.e4 c5 2.Nf3 Nc6 3.Nc3 e6 4.d4 cxd4 5.Nxd4 Nf6 6.Be2 Bb4 7.O-O Bxc3 8.bxc3 Nxe4
9.Bd3 Nf6 10.Ba3 Nxd4 11.cxd4 Qa5 12.Bd6 Qd5 13.Be5 d6 14.c4 Qc6 15.d5 Qc7
16.Bc3 Bd7 17.Rb1 O-O-O 18.Qb3 Kb8 19.c5 Bc8 20.Rfc1 dxc5 21.Ba6 Rxd5 22.a4 Ka8
23.Be2 Rhd8 24.a5 Ne4 25.Bf3 f5 26.Qc4 Ng5 27.Bxd5 exd5 28.Qh4 h6 29.Qa4 Ne6
30.Qc2 g6 31.Bf6 Rf8 32.Bc3 Bd7 33.Qb2 Rc8 34.Be5 Qc6 35.Qa2 d4 36.Rb6 Qe4
37.Rxe6 Bxe6  0-1

[Event "FSIM November"]
[Site "Budapest HUN"]
[Date "1999.11.08"]
[Round "3"]
[White "Dembo,Y"]
[Black "Toth,An"]
[Result "0-1"]
[WhiteElo "2244"]
[BlackElo "2297"]

1.e4 c5 2.Nf3 Nc6 3.Nc3 e6 4.d4 cxd4 5.Nxd4 Qb6 6.Nb3 Nf6 7.Be3 Qc7 8.Bd3 d6
9.O-O a6 10.a4 b6 11.f4 Be7 12.Qf3 Nd7 13.Rae1 O-O 14.g4 Re8 15.g5 Nb4 16.Qg3 Bf8
17.h4 Nc5 18.Nxc5 bxc5 19.b3 d5 20.exd5 exd5 21.Bf2 Bb7 22.h5 Bd6 23.g6 fxg6
24.hxg6 h6 25.Ne2 Nxd3 26.Qxd3 d4 27.Qh3 Qc6 28.b4 Re4 29.bxc5 Bxc5 30.Kh2 Rae8
31.Ng3 Rxe1 32.Rxe1 Rxe1 33.Bxe1 Qxg6 34.f5 Qc6 35.Qf1 Bd6 36.Kh3 Qxc2 37.Bf2 d3
38.Qe1 Qc6 39.Qe3 Bxg3 40.Bxg3 Qd7 41.Bf4 Qxf5+ 42.Kg3 Qg6+ 43.Kf2 Qg2+ 44.Ke1 Be4
45.Be5 h5 46.Bf4 h4 47.Qf2 Qxf2+ 48.Kxf2 h3 49.Ke3 Bf5 50.a5 Kf7 51.Bg3 Ke6
52.Bh2 Kd5 53.Bg3 Kc4 54.Kd2 Kd4 55.Bh2 Ke4  0-1